000 00869cam a22002055a 4500
001 L150118
008 100604e2010 xxk 000 0 eng d
035 _a(Sirsi) u150118
041 0 _aeng
110 2 _aProperty Week
_91549
245 0 0 _aSenior debt market treads fine line
260 _c2010
490 0 _aProperty Week
_v76(21) 28 May 2010, 18(1)
520 _aLatest King Sturge/Property Week index shows lending conditions in the senior debt market remaining at a sustainable level but conditions could worsen if property investment yields stabilise and interest rates rise. Property investment yields fell from 7.03% in December 2009 to 6.71% in March 2010.
590 _aKA
650 2 4 _aKING STURGE/PROPERTY WEEK INDEX
651 4 _aUnited Kingdom
_y
690 _aPROPERTY-COMMERCIAL PROPERTY-COMMERCIAL PROPERTY FINANCE AND INVESTMENT
942 _n0
999 _c82404
_d82404